000 01727nam a22002657a 4500
003 NALT
005 20251125233000.0
008 s2548 th tha d
040 _aNALT
041 _atha
090 _aKP 77
_bส743อ 2548
110 2 _aกระทรวงสาธารณสุข
_91497
_bกรมสุขภาพจิต
245 1 0 _aองค์การอนามัยโลก : เอกสารแนะแนวเพื่อช่วยในการพัฒนาร่าง ยอมรับ และบังคับใช้พระราชบัญญัติหรือกฎหมายสุขภาพจิต =
_bWorld Health Organization : guidance instrument for developing, adoping and implementing mental health legislation /
_cกรมสุขภาพจิต กระทรวงสาธารณสุข.
246 _aWorld Health Organization :
_bguidance instrument for developing, adoping and implementing mental health legislation.
250 _aพิมพ์ครั้งที่ 2
260 _aม.ป.ท. :
_bสถาบันกัลยาณ์ราชนครินทร์,
_c2548
300 _a42 หน้า :
_bตาราง ;
_c21 ซม.
610 _aกรมสุขภาพจิต
650 0 4 _aสุขภาพจิต -- กฎหมายและระเบียบข้อบังคับ
650 0 4 _aสุขภาพจิต -- กฎหมายและระเบียบข้อบังคับ
850 _aNALT
856 4 0 _uhttps://hdl.handle.net/20.500.14156/460919
942 _cLB
_2local
999 _c47196
_d47196
998 _j109
_k อารีรัตน์ วิชาช่าง